LEADER 01419nam a2200289 i 4500 001 000000149107 003 CaOOAMICUS 005 20060324000000.0 008 060324s2006 xx u000 u eng u 013 $a126425 020 $a0-19-925458-3 040 $aSeMil$bita 245 10$aLittlemore and the Parting of Friends, May 1842-October 1843 /$cedited at the Birmingham Oratory with notes and an introduction by Francis J. McGrath ; with the assistance of Gerard Tracey. 260 $aOxford :$bOxford University Press,$c2006. 300 $axxxix, 833 p. ;$c25 cm. 500 $aContiene : [8] Appendices. 700 1 $aTracey, Gerard.$0(OLS)http://semarc/name/24571 700 1 $aBirmingham Oratory.$0(OLS)http://semarc/name/1502 700 1 $aNewman, John Henry,$c.$0(OLS)http://semarc/name/1226 700 1 $aMcGrath, Francis J.,$c.$0(OLS)http://semarc/name/58924 773 0 $tLetters and diaries of John Henry Newman.$dOxford : Clarendon Press, 1962.$gVol.9$w()1655 850 $aSeMil 852 $aSeMil$W1$xVenegono$y1$m2X V 219$j101411$B101411$CSeMilBibl$Z2$F110050 $81 961 $aSottoscrizione: DEA 996 $6020$a0-19-925458-3$9(OLS)http://semarc/number/138160 996 $6245$aLittlemore and the Parting of Friends, May 1842-October 1843$9(OLS)http://semarc/title/217979 996 $6260$aOxford :$bOxford University Press$9(OLS)http://semarc/publisher/35475 LEADER 01433nam a2200265 i 4500 001 000000118369 003 CaOOAMICUS 005 20030926000000.0 008 030926n it u000 u ita u 013 $a91062 040 $aSeMil$bita 100 1 $aCriveller, Gianni,$c.$0(OLS)http://semarc/name/32254 245 13$aIl profilo umano, spirituale, sacerdotale di Padre Tullio Favali, missionario del PIME /$cesercitazione scritta del secondo triennio di Gianni Criveller ; relatori Gianni Colzani, Costante Brovetto. 260 $a[S.l. :$bs.n.,$c1986] 300 $a190 c. ;$c31 cm. 500 $aContiene : Bibliografia. - In testa al front. : Pontificio Istituto Missioni Estere, Seminario Teologico. - In mezzo al front. : Anno accedemico 1985-1986. - A pič del front. : Milano, via Pagliano 10. - Fondo Card. C.M. Martini. 650 4$aFavali, Tullio.$0(OLS)http://semarc/subject/5645 700 1 $aColzani, Gianni,$d<1940- >.$0(OLS)http://semarc/name/3154 700 1 $aBrovetto, Costante,$c.$0(OLS)http://semarc/name/16970 850 $aSeMil 852 $aSeMil$W1$xVenegono$y1$m4X II 33$j73685$B73685$CSeMilBibl$Z2$F78509 $8L 941 1 $a4 961 $aOmaggio: Martini Card. Carlo Maria 996 $6245$aIl profilo umano, spirituale, sacerdotale di Padre Tullio Favali, missionario del PIME$9(OLS)http://semarc/title/173881 996 $6260$a[S.l. :$bs.n.$9(OLS)http://semarc/publisher/31686